| 000 | 00657nam a2200193Ia 4500 | ||
|---|---|---|---|
| 003 | GCL | ||
| 008 | 140319s9999 xx 000 0 ara d | ||
| 040 |
_aGCL / _cGCL |
||
| 082 | 0 | 4 |
_a415.1 _bس ك |
| 100 | 1 | _aعبدالسلام محمد هارون | |
| 245 | 1 | 0 |
_aالكتاب: كتاب سيبوية بى بشر عمرو بن عثمان بن قنبر / _cعبدالسلام محمد هارون |
| 700 | 1 | _aسيبوية ابى بشر عمرو بن عثمان | |
| 300 | _a449 | ||
| 490 |
_aكتاب _v0 |
||
| 650 | 0 | 4 | _aاللغة العربية |
| 650 | 0 | 4 | _aالنحو العربى |
| 650 | 0 | 4 | _aقواعد اللغة العربية |
| 942 |
_2ddc _cBK |
||
| 999 |
_c42756 _d42756 |
||